000 00372 a2200109 4500
001 ART_25623
005 20260410161935.0
008 260409a
245 1 0 _aEl programa económico argentino 1967/69
100 1 _aKrieger Vasena, Adalbert
773 0 _tAnales de la Academia Nacional de Ciencias Económicas
_g- Vol. XXXII, (1987) (ene. 1988)
_wREV25596
999 _c28943
_d28943